Residential possession proceedings (Record no. 101775)
[ view plain ]
| 000 -LEADER | |
|---|---|
| fixed length control field | 01123cam a2200289 4500 |
| 008 - FIXED-LENGTH DATA ELEMENTS--GENERAL INFORMATION | |
| fixed length control field | 011116n2001 000 0 eng u |
| 020 ## - INTERNATIONAL STANDARD BOOK NUMBER | |
| International Standard Book Number | 0421764104 |
| 035 ## - SYSTEM CONTROL NUMBER | |
| System control number | (Sirsi) u115619 |
| 050 ## - LIBRARY OF CONGRESS CALL NUMBER | |
| Classification number | 346.4104342 |
| 100 ## - MAIN ENTRY--PERSONAL NAME | |
| Personal name | Webber, G. |
| 245 ## - TITLE STATEMENT | |
| Title | Residential possession proceedings |
| 250 ## - EDITION STATEMENT | |
| Edition statement | 6th ed. |
| 260 ## - PUBLICATION, DISTRIBUTION, ETC. | |
| Place of publication, distribution, etc. | London |
| Name of publisher, distributor, etc. | Sweet & Maxwell |
| Date of publication, distribution, etc. | 2001 |
| 300 ## - PHYSICAL DESCRIPTION | |
| Extent | lxvi,574p. $2 4cm. |
| 350 ## - PRICE (NR) (BK AM CF MU VM SE) [OBSOLETE] | |
| Price | 85.00 |
| 520 ## - SUMMARY, ETC. | |
| Summary, etc. | A new edition of this guide for landlords, licensor and mortgagees to recovering possession of a property featuring new or revised chapters on: standard procedure; accelerated possession; enforcement, suspension and setting aside; trespassers; and evidence. |
| 520 ## - SUMMARY, ETC. | |
| Summary, etc. | Superceded by 7th ed. (ISBN 0421918802). |
| 650 ## - SUBJECT ADDED ENTRY--TOPICAL TERM | |
| Topical term or geographic name entry element | LICENCES |
| 650 ## - SUBJECT ADDED ENTRY--TOPICAL TERM | |
| Topical term or geographic name entry element | MORTGAGES |
| 650 ## - SUBJECT ADDED ENTRY--TOPICAL TERM | |
| Topical term or geographic name entry element | POSSESSION |
| 650 ## - SUBJECT ADDED ENTRY--TOPICAL TERM | |
| Topical term or geographic name entry element | POSSESSION PROCEEDINGS |
| 650 ## - SUBJECT ADDED ENTRY--TOPICAL TERM | |
| Topical term or geographic name entry element | REPOSSESSION |
| 650 ## - SUBJECT ADDED ENTRY--TOPICAL TERM | |
| Topical term or geographic name entry element | PROPERTY-RESIDENTIAL PROPERTY-RESIDENTIAL LANDLORD AND TENANT-RESIDENTIAL TENANCIES |
| 690 ## - LOCAL SUBJECT ADDED ENTRY--TOPICAL TERM (OCLC, RLIN) | |
| Topical term or geographic name as entry element | PROPERTY-RESIDENTIAL PROPERTY-RESIDENTIAL LANDLORD AND TENANT-RESIDENTIAL TENANCIES |
| 700 ## - ADDED ENTRY--PERSONAL NAME | |
| Personal name | Dovar, D. |
| 942 ## - ADDED ENTRY ELEMENTS (KOHA) | |
| Suppress in OPAC | 0 |
| Withdrawn status | Lost status | Source of classification or shelving scheme | Damaged status | Not for loan | Home library | Current library | Shelving location | Date acquired | Cost, normal purchase price | Total Checkouts | Full call number | Barcode | Date last seen | Date last checked out | Copy number | Cost, replacement price | Price effective from | Koha item type |
|---|---|---|---|---|---|---|---|---|---|---|---|---|---|---|---|---|---|---|
| Dewey Decimal Classification | London | London | Basement | 17/01/2002 | 72.25 | 9 | SHELF 439 | 30065230 | 06/08/2019 | 12/10/2005 | 1 | 72.25 | 06/08/2019 | Book |